| 000 | 00701nam a2200217Ii 4500 | ||
|---|---|---|---|
| 003 | JO-AjNU | ||
| 008 | 230605s9999||||xx |||||||||||||| ||und|| | ||
| 017 | _a1979/1570 | ||
| 040 |
_aJO-AjNU _bara _erda _cJO-AjNU |
||
| 041 | _aara | ||
| 050 | 1 | 4 | _aLB3081 1979 |
| 100 | 3 |
_aحسانين، محمد سمير, _eauthor _936923 |
|
| 245 | 0 | 0 | _aتغيب الطلاب عن المدرسة الثانوية العامة (بحث ميداني) |
| 250 | _aط1 | ||
| 264 | 3 | 1 | _aالقاهرة:دار أبو العينين،1979 |
| 300 | _a132ص | ||
| 336 |
_atext _btxt _2rdacontent |
||
| 337 |
_aunmediated _bn _2rdamedia |
||
| 338 |
_avolume _bnc _2rdacarrier |
||
| 650 | 4 |
_aطلاب-تسرب-مصر _936924 |
|
| 999 |
_aA15383 _c18951 _d18951 |
||